Regional Input-output Model: Implications for the Slovak Republic

Guardado en:
Detalles Bibliográficos
Autor principal: Husár, Jaroslav
Formato: Capítulo de libro
Lenguaje:inglés
Materias:
Etiquetas: Agregar Etiqueta
Sin Etiquetas, Sea el primero en etiquetar este registro!

MARC

LEADER 00000naa$a2200000$$$4500
001 0039371
005 20240502071503.3
041 0 |a eng 
044 |a SK 
245 1 0 |a Regional Input-output Model: Implications for the Slovak Republic  |c Jaroslav Husár 
610 2 0 |a modely input-output 
610 2 0 |a analýza ekonomická 
610 2 0 |a regióny ekonomické 
610 2 0 |a modely ekonomické 
610 2 0 |a výroba 
610 2 0 |a dopyt 
610 2 0 |a Slovensko 
100 1 |a Husár, Jaroslav